Visualizzazione normale
Vista MARC
- Venini
di Personal Name
Records bibliografici associati: 1
001 - CONTROL NUMBER
- control field: 7717
003 - CONTROL NUMBER IDENTIFIER
- control field: IT-RoPau
005 - DATE AND TIME OF LATEST TRANSACTION
- control field: 20140105154546.0
008 - FIXED-LENGTH DATA ELEMENTS
- fixed length control field: 140105|| aca||aabn | a|a d
040 ## - CATALOGING SOURCE
- Original cataloging agency: IT-RoPau
- Transcribing agency: IT-RoPau
100 ## - HEADING--PERSONAL NAME
- Personal name: Venini
- Dates associated with a name: Codice autore musica SPICS: 14203
- Relator term: Autore musica
- Name of part/section of a work: Inno degli alpini sciatori
670 ## - SOURCE DATA FOUND
- Source citation: Work cat.: (IT-RoPau)102467: AA.VV 794, Coro "Stella Alpina" di Somma Lombardo (Lp 22001)